[Event "CAN-ch"]
[Site "Montreal"]
[Date "2017.06.30"]
[Round "7"]
[White "Masse, Hugues"]
[Black "Marin, Sam"]
[Result "1-0"]
[WhiteElo "2147"]
[BlackElo "1932"]
[PlyCount "153"]
[EventDate "2017.06.27"]
[EventType "swiss"]
[EventRounds "9"]
[EventCountry "CAN"]
[SourceTitle "CBM 179 Extra"]
[Source "ChessBase"]
[SourceDate "2017.08.23"]
[SourceVersion "1"]
[SourceVersionDate "2017.08.23"]
[SourceQuality "1"]

1. Nf3 Nf6 2. c4 c5 3. b3 Nc6 4. Bb2 d6 5. d4 cxd4 6. Nxd4 g6 7. g3 Bg7 8. Bg2 Bd7 9. 0-0 0-0 10. Nc3 Rc8 11. Qd2 a6 12. Rac1 Qa5 13. Nxc6 bxc6 14. Rfd1 Rfd8 15. Na4 Qxd2 16. Rxd2 Bh6 17. e3 Bf5 18. Nc3 Be6 19. Rcd1 Bg4 20. Ne2 Ne8 21. h3 Bd7 22. f4 f5 23. Kh2 Bg7 24. Bxg7 Kxg7 25. e4 fxe4 26. Bxe4 Nf6 27. Bg2 c5 28. Nc3 Bc6 29. Re1 Rd7 30. Rde2 Kf7 31. g4 Bxg2 32. Kxg2 Re8 33. Re6 Ra7 34. Kg3 h6 35. R1e2 Nd7 36. R6e3 Nb8 37. Ne4 Rd8 38. Nd2 Nc6 39. Nf3 a5 40. Re6 Rg8 41. f5 gxf5 42. Rxh6 fxg4 43. hxg4 a4 44. Rh7+ Rg7 45. Ng5+ Kg8 46. Rh5 axb3 47. Reh2 Rg6 48. Rh8+ Kg7 49. R8h7+ Kg8 50. Rh8+ Kg7 51. R2h7+ Kf6 52. Rf8+ Ke5 53. Nf3+ Ke6 54. axb3 Ra3 55. Nd2 Ne5 56. Rf4 Ra1 57. Nf3 Rb1 58. Nxe5 dxe5 59. Rff7 Rxb3+ 60. Kh4 Rb7 61. g5 e4 62. Kg4 Ke5 63. Rxe7+ Rxe7 64. Rxe7+ Kd4 65. Kf5 Rg8 66. Rxe4+ Kd3 67. Rh4 Rf8+ 68. Ke6 Rg8 69. Kf6 Rf8+ 70. Kg7 Rf1 71. g6 Rc1 72. Kh8 Rxc4 73. Rxc4 Kxc4 74. g7 Kd3 75. g8Q c4 76. Qd5+ Kc3 77. Kg7 1-0